000 01832cam a22004335a 4500
001 122635
005 20230410120724.0
008 100809s2010 ve a b 000 0 spa
035 _a16426929
925 0 _aacquire
_b1 shelf copy
_xpolicy default
942 _2lcc
_cbk
010 _a 2010473392
020 _a9789807309073
035 _a(BO-CbLA)la1008X1142
040 _aDLC
_cDLC
_dDLC
042 _apcc
043 _as-ve---
_an-mx---
_acl-----
050 1 4 _aHT 127.5
_bC581 2010
245 0 0 _aCiudad, espacio público y cultura urbana :
_b25 conferencias de la Cátedra Permanente de Imágenes Urbanas /
_cCésar Aira ... [et al.] ; Tulio Hernández, comp.
260 _aCaracas :
_bFundación para la Cultura Urbana, Grupo de Empresas Econinvest,
_c2010.
300 _axxxix, 490 p. :
_bill. ;
_c24 cm.
490 0 _aFundación para la Cultura Urbana ;
_vno. 82
500 _aCompilation of papers (1993-2008) from the lecture series Cátedra Permanente de Imágenes Urbanas created by the Fundación para las Artes y la Cultura which was active 1993-1995 and was revived in 2003 by the Fundación para la Cultura Urbana.
504 _aIncludes bibliographical references.
650 0 _aSociology, Urban
_zLatin America.
650 0 _aPublic spaces
_zLatin America.
650 0 _aLand use, Urban
_zLatin America.
650 0 _aSociology, Urban
_zVenezuela
_zCaracas.
650 0 _aSociology, Urban
_zMexico
_zMexico City.
650 0 _aPublic spaces
_zVenezuela
_zCaracas.
650 0 _aLand use
_zVenezuela
_zCaracas.
650 4 _aSociología urbana
_zAmérica Latina.
650 4 _aUso de la tierra
_zAmérica Latina.
700 1 _aAira, César,
_d1949-
700 1 _aHernández, Tulio.
710 2 _aCátedra Permanente de Imágenes Urbanas.
923 _d20100604
_n1705V2010
_sBO-CbLA
946 _aJaaM
999 _c50547
_d50547